| 000 | 00752nam a2200241 u 4500 | ||
|---|---|---|---|
| 005 | 20260217062532.0 | ||
| 008 | 130513s2007 r 000 0 eng d | ||
| 020 | _a9788475845982 | ||
| 035 | _aUPN01000191008 | ||
| 049 | _aCG | ||
| 050 | 4 |
_aHQ75.15 _bC8.4 |
|
| 245 | 0 | 0 |
_aCultura, homosexualidad y homofobia / _ced. Félix Rodríguez González. |
| 260 |
_aBarcelona, Esp. : _bLaertes, _c2007. |
||
| 300 | _a2 v. | ||
| 440 | 0 |
_aRey de bastos _v46, 47 |
|
| 505 | 8 |
_aContenido: _gv. 1. _tPerspectivas gays -- _gv. 2. _tAmazonia: retos de visibilidad lesbiana |
|
| 650 | 4 |
_aHomosexualidad _97378 |
|
| 650 | 4 |
_aLesbianismo _914457 |
|
| 650 | 4 |
_aHomofobia _918586 |
|
| 700 | 1 |
_aRodríguez González, Félix, _eed. |
|
| 905 | _aLibro | ||
| 999 |
_c163111 _d163111 |
||